000 00666nam a22002057a 4500
999 _c9596
_d9596
003 AR-CdUCM
008 190328b ||||| |||| 00| 0 spa d
040 _aMUNICIPALIDAD PROVINCIAL DEL CUSCO
_cBIBLIOTECA MUNICIPAL DEL CUSCO
082 _a335.4 /
_bM44 / 1941
100 _aMaublanc, Renè
_925907
245 _aMètodo dialèctico y ciencias humanas/
260 _aBuenos Aires :
_bPalermo,
_c1941.
300 _a204 paginas ;
_c19 cm.
505 _aContenido :Método dialéctico --Ciencias humanas /
650 _aMétodo dialéctico
_925908
700 _aPaul Laberenne
_925909
700 _aEorges Friedmann
_925910
942 _2ddc
_cLIBROS
945 _arjall